Countries with the Most Hepatitis C - Statistics

General Stats
  • This quiz has been taken 60 times
  • The average score is 4 of 10
Answer Stats
Death Rate Country % Correct
2.27 United States
90%
1.36 Brazil
83%
1.12 Canada
75%
2.23 Italy
52%
1.46 Japan
50%
2.62 Morocco
27%
1.86 Austria
17%
1.25 Mozambique
15%
1.14 Guyana
13%
1.12 Kuwait
6%
No matching quizzes found
Score Distribution
Percent of People with Each Score
Percentile by Number Answered
Your Score History
You have not taken this quiz